Which duo? Musicians - Statistics

General Stats
  • This quiz has been taken 42 times
    25 since last reset
  • The average score is 11 of 18
Answer Stats
Hint Answer % Correct
Karen Carpenter & Richard Carpenter (US) Carpenters
95%
Annie Lennox & Dave Stewart (UK) Eurythmics
90%
John Lennon & Yoko Ono (US/UK) Plastic Ono Band
90%
George Michel & Ridgeley (UK) Wham
90%
Meg & Jack White (US) the White Stripes
85%
Thomas Bangalter & Guy-Manuel de Homem-Christo (France) Daft Punk
75%
Chris Lowe & Neil Tennant (UK) Pet Shop Boys
75%
André Benjamin (André 3000) & Antwan Patton (Big Boi) (US) Outkast
70%
Vince Clark & Andy Bell (UK) Erasure
65%
Charlie & Craig Reid (UK) the Proclaimers
65%
Marie Fredriksson & Per Gessle (Sweden) Roxette
55%
Gabi Delgado-López & Robert Görl (Germany) D.A.F
45%
Aino Jawo & Caroline Hjelt (Sweden) Icona Pop
40%
Tom Rowlands & Ed Simons (UK) the Chemical Brothers
40%
Klara & Johanna Söderberg (Sweden) First Aid Kit
35%
Nicolas Godin & Jean-Benoît Dunckel (France) Air
20%
Karin & Olof Dreijer (Sweden) the Knife
20%
Françoise Cactus och Brezel Göring (Germany) Stereo Total
15%
No matching quizzes found
Score Distribution
Percent of People with Each Score
Percentile by Number Answered
Your Score History
You have not taken this quiz since the last reset